• 首页
  • 本馆介绍
  • 公告通知
  • 最新文献
  • 馆藏检索
  • 电子资源
  • 读者导购
  • 参考咨询
  • 我的图书馆
  • 登录
  • 详细信息显示
  • 放入我的书架
  • 预约/预借图书
  • 作者相关作品
  • 分类相关作品
  • 丛书相关作品
  • 出版社相关作品

书目信息

  • 表格格式
  • 工作单格式
  • 卡片格式
题名:
三十六计新编
    
 
作者: 李炳彦 编
分册:  
出版信息: 北京   战士出版社  1981
页数: 111页
开本: 21cm
丛书名:
单 册:
中图分类: E89 , E892
科图分类:
主题词: 兵法--研究--中国--古代 , 兵法--古代 , 作战方法--古代
电子资源:
ISBN:
000 00723nam0 2200277 45
001 0181002805
005 20060911144526.81
010    @dCNY0.46
091    @a5185.9
100    @a19950226d1981 em y0chiy0121 ea
101 0  @achi
102    @aCN@b110000
105    @ay z 000yy
200 10 @a三十六计新编@Asan shi liu ji xin bian@f李炳彦编
210    @a北京@c战士出版社@d1981
215    @a111页@d21cm
605    @a三十六计@x译文
606    @a兵法@x研究@y中国@z古代
606 0  @a兵法@x古代
606 0  @a作战方法@x古代
690    @aE89
690    @aE892@v3
701  0 @a李炳彦@Ali bing yan@4编
801  2 @aCN@bNLC@c20060911
801  0 @aCN@b上海图书馆@c20060820
905    @f1@b154253@dE89@e6@b154255-256@f2
    
    三十六计新编/李炳彦编.-北京:战士出版社,1981
    111页;21cm
    
    
    ISBN :CNY0.46
    
●
相关链接 在E读中查询图书 在五车中查询图书 在当当中查询图书 在豆瓣中查询图书


正题名:三十六计新编     索取号:E89/6         预约/预借

序号 登录号 条形码 馆藏地/架位号 状态 备注
1 0154253   001263518   第一样本阅览室/ [索取号:E89/6] 在馆    
2 0154255   001263509   第一借阅区/ [索取号:E89/6] 在馆    
3 0154256   001263493   第一借阅区/ [索取号:E89/6] 在馆    
4 0424993   204249937   密集书库/ [索取号:E89/6] 在馆    
5 0424997   204249973   密集书库/ [索取号:E89/6] 在馆    
6 0424998   204249982   密集书库/ [索取号:E89/6] 在馆    
7 0470414   204704141   密集书库/ [索取号:E89/6] 在馆    
8 0471979   204719796   密集书库/ [索取号:E89/6] 在馆    
唐山师范学院图书馆 欢迎您!
大连网信软件有限公司© 版权所有